Court of Appeal Civil Appeal No. 44 OF 1998 Kitgum District Administration Vs Print Stationery Supplies (U) LTD (Record no. 3181)

MARC details
000 -LEADER
fixed length control field 00916nam a22001457a 4500
008 - FIXED-LENGTH DATA ELEMENTS--GENERAL INFORMATION
fixed length control field 110616t xxu||||| |||| 00| 0 eng d
010 ## - LIBRARY OF CONGRESS CONTROL NUMBER
LC control number CACAF53
245 ## - TITLE STATEMENT
Title Court of Appeal Civil Appeal No. 44 OF 1998 Kitgum District Administration Vs Print Stationery Supplies (U) LTD
260 ## - PUBLICATION, DISTRIBUTION, ETC. (IMPRINT)
Date of publication, distribution, etc 1998
500 ## - GENERAL NOTE
General note Coram: Hon. Mr. Justice G.M. Kato, J.A<br/> Hon. Mr. Justice J.P. Berko, J.A<br/> Hon. Lady Justice C.N.B. Kitumba, J.A
500 ## - GENERAL NOTE
General note Appeal from the ruling and order of the High Court of Uganda at Kampala Mr. Justice I. Mukanza of the 23rd day February, 1996 in Civil Suit No. 926 of 1994
Holdings
Withdrawn status Lost status Source of classification or shelving scheme Damaged status Koha normalized classification for sorting Not for loan Location (home branch) Sublocation or collection (holding branch) Shelving location Date acquired Koha issues (times borrowed) Koha full call number Piece designation (barcode) Koha date last seen Price effective from Koha item type
    Dewey Decimal Classification   CACA_F_53   Law Development Centre Main Library Law Development Centre Main Library Law Reports 06/16/2011   CACA F_53 44/1998/1 06/16/2011 06/16/2011 Un Reported Cases
    Dewey Decimal Classification   CACA_F_53   Law Development Centre Main Library Law Development Centre Main Library Law Reports 06/16/2011   CACA F_53 44/1998/2 06/16/2011 06/16/2011 Un Reported Cases
    Dewey Decimal Classification   CACA_F_53   Law Development Centre Main Library Law Development Centre Main Library Law Reports 06/16/2011   CACA F_53 44/1998/3 06/16/2011 06/16/2011 Un Reported Cases